| 000 -LEADER |
| fixed length control field |
00370nam a2200109Ia 4500 |
| 008 - FIXED-LENGTH DATA ELEMENTS--GENERAL INFORMATION |
| fixed length control field |
200302s9999 xx 000 0 und d |
| 100 ## - MAIN ENTRY--PERSONAL NAME |
| Personal name |
Kamalika Bose |
| 245 ## - TITLE STATEMENT |
| Title |
Seeking the Lost Layers an Inquiry into the Traditional Dwellings of the Urban Elite in North Calcutta |
| 260 ## - PUBLICATION, DISTRIBUTION, ETC. |
| Name of publisher, distributor, etc. |
Sid Research Cell School Interior design Publishing |
| 260 ## - PUBLICATION, DISTRIBUTION, ETC. |
| Date of publication, distribution, etc. |
2008 |
| 300 ## - PHYSICAL DESCRIPTION |
| Extent |
181 P., |